000 00533nam a2200229Ia 4500
003 OSt
005 20220924132557.0
006 a|||||r|||| 00| 0
007 ta
008 220923b |||||||| |||| 00| 0 san d
024 _a72682
037 _cTextual
040 _aARTS
_cARTS
_bsan
041 _2san
_asan
082 _aR6, 15K4
100 _aOjha M
_9204552
245 0 _aBrahm vinaya
260 _c1964
650 _aINDIAN PHILOSOPHY
942 _hR6, 15K4
_cTEXL
_2CC
999 _c430758
_d430758